Čo hovorí firemná identita?

Vypovedacia schopnosť firemnej identity. Monolitická, podriadená a značková identita.

Guardado en:
Detalles Bibliográficos
Autor principal: Lechnický, Milan
Formato: Capítulo de libro
Lenguaje:eslovaco
Materias:
Etiquetas: Agregar Etiqueta
Sin Etiquetas, Sea el primero en etiquetar este registro!

MARC

LEADER 00000naa a2200000 4500
001 r026084
005 20230922094439.9
041 0 |a slo 
044 |a SK 
245 1 0 |a Čo hovorí firemná identita?  |c M. Lechnický 
520 |a Vypovedacia schopnosť firemnej identity. Monolitická, podriadená a značková identita. 
610 2 0 |a marketing 
610 2 0 |a komunikácia 
610 2 0 |a firmy 
610 2 0 |a identita podniková 
100 1 |a Lechnický, Milan